Ricostruisci la Carriera del Calciatore - Matteo Politano - Statistics

Statistiche generali
  • Questo quiz è stato fatto 6 volte
  • Il punteggio medio è 4 su 5
Statistiche sulle risposte
Hint Risposta % Corretto
2012-2013 Perugia
100%
2018-2020 Inter
83%
2020- Napoli
83%
2015-2018 Sassuolo
83%
2013-2015 Pescara
67%
Nessun quiz corrispondente trovato
Distribuzione punteggi
Percentuale di utenti per punteggio
Percentile per numero di risposta
I tuoi punteggi nel tempo
Non hai fatto questo quiz